000 01180cam a2200385 i 4500
001 ocn971130112
003 TZ-ArACH
005 20220318151935.0
008 161007s2008 sa b 001 0 eng
010 _a 2016468044
020 _a9780409045260
020 _a0409045268
035 _a(OCoLC)971130112
040 _aDLC
_beng
_erda
_cTZ-ArACH
042 _apcc
043 _ab------
049 _aTZAA
050 0 0 _aK103
_b.C73 2008
100 1 _aCrabbe, V. C. R. A. C.,
_d1923-
_eauthor.
240 1 0 _aLegislative drafting
245 1 0 _aCrabbe on legislative drafting
_cV.C.R.A.C. Crabbe.
250 _a2nd edition.
260 _aDurban :
_bLexis Nexis,
_c[2008]
300 _axxx, 272 pages ;
_c24 cm
500 _aRevision of the author's Legislative drafting.
504 _aIncludes bibliographical references and index.
650 0 _aBill drafting
_zCommonwealth countries.
650 0 _aLaw
_zCommonwealth countries
_xLanguage.
650 0 _aLegal composition.
650 7 _aBill drafting.
_2fast
650 7 _aLaw
_xLanguage.
_2fast
650 7 _aLegal composition.
_2fast
651 7 _aCommonwealth countries.
_2fast
_915329
942 _2lcc
_cBOOK
999 _c6556
_d6556